000 00679nam a2200205Ia 4500
001 15710
003 GE_BSU
008 181216s||||||||xx |||||||||||||| ||und||
040 _cGE_BSU
080 _a821.353.1-32
100 _aწერეთელი, ა. (აკაკი, 1840-1915)
245 _aჩემი თავგადასავალი
245 _cრედ.ს. ჯანაშია. შენიშვნ. ალ. ღლონტისა
260 _aტფილისი
260 _bსახელგამი
260 _c1937
300 _a125გვ.22სმ.
653 _aჩემი თავგადასავალი
942 _cBK
999 _c48808
_d48808